Every 100 millions € football players ever - Statistics

General Stats
  • This quiz has been taken 18 times
  • The average score is 48 of 54
Answer Stats
Club Country Position Top Market Value Answer % Correct
Chelsea FC Belgium LW €150m Eden Hazard
100%
Manchester City Norway CF €200m Erling Haaland
100%
Tottenham Hotspur England CF €150m Harry Kane
100%
Real Madrid England AM €180m Jude Bellingham
100%
Manchester City Belgium AM €150m Kevin de Bruyne
100%
FC Barcelona Spain RW €200m Lamine Yamal
100%
FC Barcelona Argentina RW €180m Lionel Messi
100%
Liverpool FC Egypt RW €150m Mohamed Salah
100%
Real Madrid Brazil LW €200m Vinicius Junior
100%
Atlético de Madrid France SS €150m Antoine Griezmann
94%
Arsenal FC England RW €150m Bukayo Saka
94%
Chelsea FC England AM €130m Cole Palmer
94%
Real Madrid Portugal CF €120m Cristiano Ronaldo
94%
Manchester City Portugal AM €100m Bernardo Silva
94%
Inter Milan Argentina CF €110m Lautaro Martinez
94%
SSC Napoli Nigeria CF €120m Victor Osimhen
94%
Real Madrid Uruguay CM €130m Federico Valverde
94%
Bayer 04 Leverkusen Germany AM €140m Florian Wirtz
94%
Atlético de Madrid Slovenia GK €100m Jan Oblak
94%
Paris Saint-Germain France CF €200m Kylian Mbappé
94%
Paris Saint-Germain Brazil AM €180m Neymar
94%
Chelsea FC France DM €100m N'golo Kanté
94%
FC Barcelona France CF €120m Ousmane Dembélé
94%
FC Barcelona Spain CM €140m Pedri
94%
Manchester City Spain DM €130m Rodri
94%
Real Madrid Brazil RW €110m Rodrygo
94%
Liverpool FC Senegal LW €150m Sadio Mané
94%
Liverpool FC Netherlands CB €100m Virgil Van Dijk
94%
Liverpool FC Argentina CM €100m Alexis Mac Allister
88%
Atlético de Madrid Argentina CF €100m Julián Alvarez
88%
Manchester United Belgium CF €100m Romelu Lukaku
88%
Borussia Dortmund England LW €130m Jadon Sancho
88%
Bayern Munich Germany AM €140m Jamal Musiala
88%
Manchester United France CM €100m Paul Pogba
88%
Manchester City England AM €150m Phil Foden
88%
Liverpool FC Sweden CF €140m Alexander Isak
82%
Tottenham Hotspur Denmark AM €100m Christian Eriksen
82%
Arsenal FC England CM €120m Declan RIce
82%
Real Madrid France DM €100m Aurélien Tchouaméni
82%
Chelsea FC Ecuador DM €110m Moisés Caicedo
82%
Juventus FC Argentina SS €110m Paulo Dybala
82%
Real Madrid France CM €100m Eduardo Camavinga
82%
Manchester City England LW €100m Jack Grealish
82%
Atlético de Madrid Portugal SS €100m João Félix
82%
Arsenal FC Norway AM €110m Martin Ødegaard
82%
Bayern Munich France RW €130m Michael Olise
82%
Tottenham Hotspur England AM €100m Dele Alli
76%
Paris Saint-Germain Portugal CM €110m João Neves
76%
Manchester City Germany RW €100m Leroy Sané
76%
Liverpool FC England RB €110m Trent Alexander-Arnold
76%
Paris Saint-Germain Portugal DM €110m Vitinha
76%
Inter Milan Argentina CF €100m Mauro Icardi
71%
FC Barcelona Brazil AM €150m Philippe Coutinho
71%
Manchester City England RW €160m Raheem Sterling
71%
No matching quizzes found
Score Distribution
Percent of People with Each Score
Percentile by Number Answered
Your Score History
You have not taken this quiz